Son Satırdan Şarkıyı Tahmin Et - Statistics

General Stats
  • This quiz has been taken 24 times
  • The average score is 9 of 51
Answer Stats
Sözleri Şarkı % Correct
Ne sen bunun farkındasın, ne polis farkında... Ceviz Ağacı
76%
Bu devirde kimse sultan değil... Padişah
62%
Su akar, yatağını bulur... Kendine İyi Bak
48%
Bir gördüm, âşık oldum, bu gelen kimin yâri? Mavi Mavi
43%
Hep hüsran hep kahır, söyle artık olsun... Olsun
43%
Özgürlüğüme gölgeyi hakaret sayarım... Prenses
43%
Bunlar iyi günler, sana ben göster'ce'm kıvrak oyunlarımı... Bangır Bangır
38%
Tek bir söz bile söylemeye hakkım yok... Kaybolan Yıllar
38%
Bak bana, ben acının ta kendisiyim... Aşka Yürek Gerek
33%
Aşkımı süpürmüşler... Çöpçüler
33%
Kollarını bana sarma, kalamam oralarda... Kanatlarım Var Ruhumda
33%
Hadi içelim acıların yerine... Karabiberim
33%
Anladım durumu, tövbeler ettim... Kuzu Kuzu
33%
Sen kışıma yorgan oldun... Affet
29%
Sonra ve her anımda yanımda istiyorum... Doktor
29%
Oyuna gelme, aman, aman, aman... Hovarda
29%
Öylesine benim olan... O Benim Dünyam
29%
Seni sevmeyi ağır ödüyorum... Vazgeçtim
29%
Gelip de bi' tanem olmaya ne hakkın var? Zalim
29%
Olan oldu, bu gönül ferman dinlemiyor... Çakmak Çakmak
24%
Gözleri derya, deniz... Dudu
24%
Karşımda görsem dolar gözlerim... Özledim
24%
Harcadığın bir ömür sana yetmez mi? Aşkla Aynı Değil
14%
Çok üstüme gelme, hayat, ben de, ben de insanım... Bi Polar
14%
Budur bunun ilacı... Arap Saçı
10%
Aşkımızın, hey, izi kaldı... Çoğu Gitti Azı Kaldı
10%
Ruhum isterse gezinirim... El Adamı
10%
Kimseler yanmasın, anam yansın derdime... Gesi Bağları
10%
Senin için ağlıyorum... Haram Geceler
10%
Yaz tahtaya bir daha, tut defteri, kitabı... Sarı Çizmeli Mehmed Ağa
10%
Bir erkekle, bir kadın arasında... Aşk Kırıntıları
5%
Sahte düşlerle oyalamayın... Deli
5%
Derin olsun, boğulmam, açıl, adamım... Demet Akalın
5%
Gözüm yollarda kaldı... Ele Güne Karşı
5%
Abarttın, beni melek yaptın... Kek
5%
Taşıyor umudum aşkımdan... Lan
5%
Öldürdün güllerin hepsini, insanları böldürdün... Mürekkep Doldurdum
5%
Birikti her acı içimde, kendime yer kalmadı... Nasıl Öğrendin Unutmayı
5%
Yanar, yanar, yürek uğruna aşkım... Basit Numaralar
0%
Bırakın tek başıma, susun biraz Allah aşkına... Bu Şehir
0%
Bu gönül çoktan razı senden, nasıl istersen... Canımsın Sen
0%
Kendimde değilem bugün... Dokunmayın Çok Fenayım
0%
Güneşin kavurduğu bir çöldeyim... Ellerim Bomboş
0%
Hayat, hayat, uğraştırma âşıkları... Hancer
0%
Ben gerçek aşkım... Hastayım Sana
0%
Daha fazla tükenmeye takatim yok... İkili Delilik
0%
Nasıl şey? Bir hatırla, bir unut... İstanbul’dayım
0%
Bozma, bozma keyfini... Kalmadı
0%
Yolunda her şey... Kış Gülleri
0%
Çekiniyo'sun aşktan... Mod
0%
İşte o an, ben yaşıyamam... Seni Seviyorum
0%
No matching quizzes found
Score Distribution
Percent of People with Each Score
Percentile by Number Answered
Your Score History
You have not taken this quiz